[Event "January Blitz"]
[Site "SchemingMind.com"]
[Date "2015.01.01"]
[Round "-"]
[White "Stephen Woodhouse"]
[Black "David Perna-Fraser"]
[Result "0-1"]
[WhiteCountry "ENG"]
[BlackCountry "CAN"]
[WhiteElo "1891"]
[WhiteRD "50"]
[BlackElo "2253"]
[BlackRD "56"]
[GameID "372278"]

1. e4 e5 2. Nf3 Nf6 3. Nxe5 d6 4. Nf3 Nxe4 5. d4 d5 6. Bd3 Bd6 7. O-O O-O 8. c4 c6 9. Nc3 Nxc3 10. bxc3 dxc4
11. Bxc4 Bg4 12. Qd3 Nd7 13. Bg5 Qa5 14. Bh4 Nb6 15. Bb3 Bf5 16. Qd2 Nd5 17. c4 Qxd2 18. Nxd2 Nf4 19. Nf3 Bb4 20. Rad1 Bd3
21. Rxd3 Nxd3 22. Rd1 Nf4 23. d5 Ne2+ 24. Kf1 Nc3 25. Rd3 a5 26. d6 a4 27. Bc2 Nxa2 28. d7 f6 29. Nd4 a3 30. Ne6 Nc1
31. Rd1 a2 32. Rxc1 a1=Q 33. Rxa1 Rxa1+ 34. Ke2 Re1+
0-1

[Event "January Blitz"]
[Site "SchemingMind.com"]
[Date "2015.01.01"]
[Round "-"]
[White "David Perna-Fraser"]
[Black "Stephen Woodhouse"]
[Result "1-0"]
[WhiteCountry "CAN"]
[BlackCountry "ENG"]
[WhiteElo "2253"]
[WhiteRD "56"]
[BlackElo "1891"]
[BlackRD "50"]
[GameID "372279"]

1. e4 e6 2. d4 d5 3. Nd2 c5 4. Ngf3 cxd4 5. exd5 Qxd5 6. Bc4 Qd6 7. O-O Nc6 8. Ne4 Qd8 9. Qd3 Be7 10. Bb5 Bd7
11. Bf4 Nf6 12. Nd6+ Bxd6 13. Bxd6 a6 14. Ba4 Na5 15. Qxd4 Bxa4 16. Qxa4+ Nc6 17. Rad1 Qa5 18. Qf4 O-O-O 19. Nd4 Nxd4 20. Qxd4 b6
21. Qc4+ Kb7 22. Qc7+ Ka8 23. Qxf7 Ne4 24. Qxe6 Rhe8 25. Be7
1-0

[Event "January Blitz"]
[Site "SchemingMind.com"]
[Date "2015.01.01"]
[Round "-"]
[White "Stephen Woodhouse"]
[Black "Ramesh Panwar"]
[Result "0-1"]
[WhiteCountry "ENG"]
[BlackCountry "IND"]
[WhiteElo "1891"]
[WhiteRD "50"]
[BlackElo "2302"]
[BlackRD "50"]
[GameID "372285"]

1. e4 e5 2. Nf3 Nc6 3. d4 exd4 4. Nxd4 Nf6 5. Nc3 Bb4 6. Nxc6 bxc6 7. Bd3 O-O 8. O-O Re8 9. Bg5 h6 10. Bh4 d6
11. f4 Bb7 12. Qf3 c5 13. Rae1 Rb8 14. a3 Ba5 15. Qg3 Bc6 16. e5 dxe5 17. fxe5 Qd4+ 18. Kh1 Nh5 19. Qf2 Qxf2 20. Rxf2 Rxb2
21. Ref1 Bxc3 22. Be2 Rxe5 23. Bxh5 Rxh5 24. Be7 f6
0-1

[Event "January Blitz"]
[Site "SchemingMind.com"]
[Date "2015.01.01"]
[Round "-"]
[White "Ramesh Panwar"]
[Black "Stephen Woodhouse"]
[Result "1-0"]
[WhiteCountry "IND"]
[BlackCountry "ENG"]
[WhiteElo "2302"]
[WhiteRD "50"]
[BlackElo "1891"]
[BlackRD "50"]
[GameID "372286"]

1. d4 e6 2. e4 d5 3. Nc3 Nf6 4. Bg5 dxe4 5. Nxe4 Be7 6. Bd3 Nxe4 7. Bxe7 Qxe7 8. Bxe4 Qb4+ 9. c3 Qxb2 10. Ne2 c6
11. a4 Qb6 12. O-O O-O 13. Qd3 h6 14. Qg3 Nd7 15. a5 Qd8 16. Rfb1 Nf6 17. Bf3 Qe7 18. a6 Nh5 19. axb7 Bxb7 20. Bxh5 c5
21. Qe5 Rfc8 22. c4 cxd4 23. Nxd4 Rxc4 24. Nf5
1-0

[Event "January Blitz"]
[Site "SchemingMind.com"]
[Date "2015.01.01"]
[Round "-"]
[White "David Perna-Fraser"]
[Black "Ramesh Panwar"]
[Result "0-1"]
[WhiteCountry "CAN"]
[BlackCountry "IND"]
[WhiteElo "2253"]
[WhiteRD "56"]
[BlackElo "2302"]
[BlackRD "50"]
[GameID "372287"]

1. e4 e5 2. Nc3 Nf6 3. f4 d5 4. fxe5 Nxe4 5. d3 Nxc3 6. bxc3 Be7 7. Nf3 c5 8. Be2 Nc6 9. O-O O-O 10. d4 c4
11. a4 Be6 12. Qe1 Kh8 13. Qg3 h6 14. Ba3 Bxa3 15. Rxa3 Kh7 16. Raa1 Ne7 17. a5 Rb8 18. Qh4 Kg8 19. Qg3 b6 20. axb6 Qxb6
21. Nh4 a5 22. Bg4 Bxg4 23. Qxg4 Qb2 24. Qd7 Rb7 25. Ra2 Rxd7 26. Rxb2 a4 27. Nf3 f6 28. Ra1 Ra8 29. Ra3 Kf7 30. Rb6 Rda7
31. exf6 gxf6 32. Rb5 Ra5 33. Rb6 Nc8 34. Rb7+ Ke6 35. Rh7 Nd6 36. g4 Rb5 37. Nh4 Rb1+ 38. Kg2 Rc1 39. Ra2 a3 40. Rxh6 Ne4
41. Nf5 Ra7 42. Rh3 Rd1 43. Re3 Rb1 44. Ng3 Rb2 45. Ra1 Rxc2+ 46. Re2 Rxc3 47. Nxe4 dxe4 48. Rxe4+ Kd5 49. Rf4 Rc2+ 50. Kg3 a2
0-1

[Event "January Blitz"]
[Site "SchemingMind.com"]
[Date "2015.01.01"]
[Round "-"]
[White "Ramesh Panwar"]
[Black "David Perna-Fraser"]
[Result "1/2-1/2"]
[WhiteCountry "IND"]
[BlackCountry "CAN"]
[WhiteElo "2302"]
[WhiteRD "50"]
[BlackElo "2253"]
[BlackRD "56"]
[GameID "372288"]

1. e4 e5 2. Nc3 Nf6 3. Nf3 Nc6 4. Bb5 Bb4 5. O-O O-O 6. Bxc6 dxc6 7. d3 Qd6 8. Be3 Bxc3 9. bxc3 b6 10. h3 a5
11. Nd2 Be6 12. c4 Nd7 13. f4 exf4 14. Bxf4 Ne5 15. Qe1 f6 16. Qg3 Rae8 17. Kh1 Qd4 18. Bxe5 Qxe5 19. Qxe5 fxe5 20. Rxf8+ Kxf8
21. Nf3 c5 22. Nxe5 Bxh3 23. Rf1+ Kg8 24. gxh3 Rxe5 25. Kg2 Rg5+ 26. Kh2 Re5 27. Rf4 Re7 28. Kg3 Rf7 29. c3 g5 30. Rxf7 Kxf7
31. a4 h5 32. d4 cxd4 33. cxd4 Kf6 34. Kf3 Ke6 35. Ke3=
1/2-1/2

[Event "January Blitz"]
[Site "SchemingMind.com"]
[Date "2015.01.05"]
[Round "-"]
[White "khayman"]
[Black "Stephen Woodhouse"]
[Result "1-0"]
[WhiteCountry "ENG"]
[BlackCountry "ENG"]
[WhiteElo "2440"]
[WhiteRD "83"]
[BlackElo "1891"]
[BlackRD "50"]
[GameID "372496"]

1. d4 e6 2. c4 d5 3. g3 c5 4. Nf3 Nc6 5. cxd5 exd5 6. Bg2 Nf6 7. O-O Be7 8. dxc5 Bxc5 9. Nc3 O-O 10. Bg5 Be7
11. Bxf6 Bxf6 12. Nxd5 Bxb2 13. Rb1 Bf6 14. e4 Rb8 15. Qc1 Be6 16. Rd1 Bxd5 17. exd5 Ne5 18. d6 Nxf3+ 19. Bxf3 Qd7 20. Qf4 Rfe8
21. Bg4 Qd8 22. d7 Re7 23. Qxb8
1-0

[Event "January Blitz"]
[Site "SchemingMind.com"]
[Date "2015.01.05"]
[Round "-"]
[White "Stephen Woodhouse"]
[Black "khayman"]
[Result "0-1"]
[WhiteCountry "ENG"]
[BlackCountry "ENG"]
[WhiteElo "1891"]
[WhiteRD "50"]
[BlackElo "2440"]
[BlackRD "83"]
[GameID "372497"]

1. e4 e5 2. Nf3 Nc6 3. d4 exd4 4. Nxd4 Bc5 5. Be3 Qf6 6. c3 Nge7 7. Bc4 b6 8. O-O O-O 9. Nxc6 Nxc6 10. Bxc5 bxc5
11. Nd2 Ne5 12. Be2 Rb8 13. b3 Ng6 14. Qc2 Nf4 15. Bf3 Re8 16. Rfe1 d6 17. Nc4 Ba6 18. Ne3 Nh3+ 19. gxh3 Qxf3 20. Nd5 Re6
0-1

[Event "January Blitz"]
[Site "SchemingMind.com"]
[Date "2015.01.05"]
[Round "-"]
[White "khayman"]
[Black "David Perna-Fraser"]
[Result "1/2-1/2"]
[WhiteCountry "ENG"]
[BlackCountry "CAN"]
[WhiteElo "2440"]
[WhiteRD "83"]
[BlackElo "2253"]
[BlackRD "56"]
[GameID "372498"]

1. d4 Nf6 2. c4 c5 3. d5 d6 4. Nc3 g6 5. e4 Bg7 6. Nf3 O-O 7. Be2 e6 8. O-O exd5 9. exd5 Re8 10. Bf4 Ne4
11. Nxe4 Rxe4 12. Qd2 Bg4 13. Rae1 Nd7 14. Bxd6 Qf6 15. Bg3 Qxb2 16. Qxb2 Bxb2 17. Bd3 Rxe1 18. Rxe1 Bc3 19. Re3 Kg7 20. Bxg6 Bd4
21. Nxd4 cxd4 22. Re4 Nf6 23. Bxh7 Nxe4 24. Bxe4 Kf6 25. f3 Bf5 26. Bh4+=
1/2-1/2

[Event "January Blitz"]
[Site "SchemingMind.com"]
[Date "2015.01.05"]
[Round "-"]
[White "David Perna-Fraser"]
[Black "khayman"]
[Result "1-0"]
[WhiteCountry "CAN"]
[BlackCountry "ENG"]
[WhiteElo "2253"]
[WhiteRD "56"]
[BlackElo "2440"]
[BlackRD "83"]
[GameID "372499"]

1. e4 c5 2. Nf3 d6 3. d4 cxd4 4. Nxd4 Nf6 5. Nc3 a6 6. f3 e5 7. Nb3 Be7 8. Be3 Be6 9. Qd2 O-O 10. O-O-O b5
11. g4 b4 12. Nd5 Bxd5 13. exd5 a5 14. Nc5 a4 15. g5 Nfd7 16. Ne4 b3 17. a3 Na6 18. Kb1 bxc2+ 19. Qxc2 Rc8 20. Qxa4 Nac5
21. Nxc5 Nxc5 22. Qg4 Rb8 23. a4 Rb3 24. Bxc5 dxc5 25. Bc4 Rb4 26. d6 Bxg5 27. Rhg1 Bf6 28. b3 e4 29. Qxe4 Qa5 30. Kc1 Rbb8
31. Rd3
1-0

[Event "January Blitz"]
[Site "SchemingMind.com"]
[Date "2015.01.05"]
[Round "-"]
[White "khayman"]
[Black "Ramesh Panwar"]
[Result "1-0"]
[WhiteCountry "ENG"]
[BlackCountry "IND"]
[WhiteElo "2440"]
[WhiteRD "83"]
[BlackElo "2302"]
[BlackRD "50"]
[GameID "372500"]

1. d4 Nf6 2. c4 e6 3. g3 d5 4. Bg2 Nc6 5. Nf3 dxc4 6. O-O Rb8 7. Nc3 b5 8. Ne5 Nxe5 9. dxe5 Nd7 10. Qc2 Bb7
11. Bxb7 Rxb7 12. Rd1 Be7 13. Qe4 Qc8 14. Qg4 g6 15. Bh6 Nxe5 16. Qh3 Rg8 17. a4 f5 18. axb5 Kf7 19. Bf4 Ng4 20. Ra4 g5
21. Be3 Kg7 22. Rxc4 Nxe3 23. fxe3 Rf8 24. Qh5 Kh8 25. e4 c5 26. exf5 Rd7 27. Rxd7 Qxd7 28. Qf3 exf5 29. Nd5 Bd6 30. Qc3+ Qg7
31. Ra4 Rf7 32. Kg2 Qe5 33. Ra6 Kg8 34. Qc4 f4 35. Nc3 Qf5 36. Qe4 Qe5 37. Qxe5 Bxe5 38. Re6 Bd4 39. Re8+ Kg7 40. gxf4 gxf4
41. Kf3 Kg6 42. Rd8 Rb7 43. Rd6+ Kf5 44. Rd5+ Ke6 45. Rh5 Be3 46. b3 Kf6 47. Ne4+ Kg6 48. Rg5+ Kh6 49. h4 Rb6 50. Nc3 Re6
51. Nd5 Bd4 52. Rg8 Rg6 53. Rxg6+ Kxg6 54. Nxf4+ Kf7 55. Ke4 Bf2 56. h5 Kf6 57. Kd5 Kf5 58. Nd3
1-0

[Event "January Blitz"]
[Site "SchemingMind.com"]
[Date "2015.01.05"]
[Round "-"]
[White "Ramesh Panwar"]
[Black "khayman"]
[Result "1/2-1/2"]
[WhiteCountry "IND"]
[BlackCountry "ENG"]
[WhiteElo "2302"]
[WhiteRD "50"]
[BlackElo "2440"]
[BlackRD "83"]
[GameID "372501"]

1. d4 Nf6 2. c4 g6 3. Nc3 Bg7 4. e4 d6 5. Nf3 O-O 6. Be2 Nbd7 7. O-O e5 8. dxe5 Nxe5 9. Nxe5 dxe5 10. Be3 c6
11. Bc5 Qxd1 12. Rfxd1 Re8 13. Bd6 Bf8 14. b3 Bxd6 15. Rxd6 Be6 16. Rad1 Kf8 17. f3 Re7 18. c5 Rd7 19. g3 g5 20. Na4 Rad8
21. Nb2 Ke7 22. Rxd7+ Nxd7 23. b4 a5 24. a3 Ra8 25. Bc4 axb4 26. axb4 Nf8 27. Bxe6 Nxe6 28. Nc4 f6 29. Na5 Ra7 30. Rc1 Nd4
31. Kf2 h5 32. h4 gxh4 33. gxh4 Ra8=
1/2-1/2

[Event "January Blitz"]
[Site "SchemingMind.com"]
[Date "2015.01.17"]
[Round "-"]
[White "BigDoggProblem"]
[Black "khayman"]
[Result "0-1"]
[WhiteCountry "USA"]
[BlackCountry "ENG"]
[WhiteElo "1810"]
[WhiteRD "63"]
[BlackElo "2436"]
[BlackRD "84"]
[GameID "373256"]

1. e4 e5 2. Nf3 Nc6 3. Bb5 a6 4. Ba4 Nf6 5. O-O b5 6. Bb3 Bb7 7. Ng5 d5 8. exd5 Nd4 9. c4 bxc4 10. Ba4+ Nb5
11. Nc3 Nxd5 12. Nxb5 axb5 13. Bxb5+ c6 14. Nxf7 Kxf7 15. Bxc4 Ba6 16. Qh5+ g6 17. Qxe5 Bg7 18. Bxd5+ Qxd5 19. Qc7+ Kg8 20. Re1 Bd3
21. Re7 Bd4 22. Rd7 Re8 23. Re7 Bxf2+ 24. Kh1 Qf7
0-1

[Event "January Blitz"]
[Site "SchemingMind.com"]
[Date "2015.01.17"]
[Round "-"]
[White "khayman"]
[Black "BigDoggProblem"]
[Result "1-0"]
[WhiteCountry "ENG"]
[BlackCountry "USA"]
[WhiteElo "2436"]
[WhiteRD "84"]
[BlackElo "1810"]
[BlackRD "63"]
[GameID "373257"]

1. d4 Nf6 2. c4 g6 3. g3 d5 4. cxd5 Qxd5 5. Nf3 c6 6. Nc3 Qa5 7. Bg2 Bg7 8. O-O O-O 9. e4 Bg4 10. h3 Bxf3
11. Qxf3 Nbd7 12. e5 Ne8 13. Rd1 Nc7 14. b4 Qxb4 15. Rb1 Qa5 16. Rxb7 Rfb8 17. Rxb8+ Nxb8 18. Bd2 Qa6 19. Bf1 Qc8 20. Bc4 e6
21. Ne4 Qd8 22. Nd6 Qe7 23. Bg5 Qd7 24. Rb1
1-0

[Event "January Blitz"]
[Site "SchemingMind.com"]
[Date "2015.01.16"]
[Round "-"]
[White "BigDoggProblem"]
[Black "Stephen Woodhouse"]
[Result "0-1"]
[WhiteCountry "USA"]
[BlackCountry "ENG"]
[WhiteElo "1834"]
[WhiteRD "62"]
[BlackElo "1891"]
[BlackRD "50"]
[GameID "373258"]

1. e4 e6 2. d4 d5 3. e5 c5 4. c3 Nc6 5. Nf3 Bd7 6. a3 f6 7. b4 fxe5 8. Nxe5 Nxe5 9. dxe5 Qc7 10. f4 Nh6
11. Qh5+ g6 12. Qh4 Nf5 13. Qf2 Be7 14. Bd3 O-O 15. O-O cxb4 16. axb4 a5 17. bxa5 Bc5
0-1

[Event "January Blitz"]
[Site "SchemingMind.com"]
[Date "2015.01.16"]
[Round "-"]
[White "Stephen Woodhouse"]
[Black "BigDoggProblem"]
[Result "1/2-1/2"]
[WhiteCountry "ENG"]
[BlackCountry "USA"]
[WhiteElo "1891"]
[WhiteRD "50"]
[BlackElo "1834"]
[BlackRD "62"]
[GameID "373259"]

1. e4 c5 2. c3 Nc6 3. d4 cxd4 4. cxd4 d6 5. Nf3 Nf6 6. Nc3 g6 7. Be2 Bg7 8. O-O Bg4 9. Be3 O-O 10. h3 Bxf3
11. Bxf3 e5 12. dxe5 dxe5 13. Qxd8 Raxd8 14. Rfd1 Nd4 15. Bxd4 exd4 16. Nb5 a6 17. Nxd4 Nxe4 18. Bxe4 Bxd4 19. Bxb7 Bxb2 20. Rab1 Rxd1+
21. Rxd1 a5=
1/2-1/2

[Event "January Blitz"]
[Site "SchemingMind.com"]
[Date "2015.01.16"]
[Round "-"]
[White "BigDoggProblem"]
[Black "David Perna-Fraser"]
[Result "0-1"]
[WhiteCountry "USA"]
[BlackCountry "CAN"]
[WhiteElo "1834"]
[WhiteRD "62"]
[BlackElo "2253"]
[BlackRD "56"]
[GameID "373260"]

1. e4 e5 2. Nf3 Nf6 3. Nxe5 d6 4. Nf3 Nxe4 5. d4 d5 6. Bd3 Bd6 7. O-O O-O 8. c4 c6 9. Bxe4 dxe4 10. Ng5 f5
11. Qh5 h6 12. Nh3 Be6 13. b3 Bf7 14. Qxf5 Bxc4 15. Qxe4 Bxf1 16. Kxf1 Qf6 17. Nc3 Nd7 18. Bd2 Rae8 19. Qd3 Qf5 20. Qc4+ Kh8
0-1

[Event "January Blitz"]
[Site "SchemingMind.com"]
[Date "2015.01.16"]
[Round "-"]
[White "David Perna-Fraser"]
[Black "BigDoggProblem"]
[Result "1-0"]
[WhiteCountry "CAN"]
[BlackCountry "USA"]
[WhiteElo "2253"]
[WhiteRD "56"]
[BlackElo "1834"]
[BlackRD "62"]
[GameID "373261"]

1. e4 c6 2. d4 d5 3. exd5 cxd5 4. Bd3 Nf6 5. Nf3 Bg4 6. h3 Bh5 7. O-O Nc6 8. c3 e6 9. Bf4 Be7 10. Qb3 Qd7
11. Ne5 Nxe5 12. dxe5
1-0

[Event "January Blitz"]
[Site "SchemingMind.com"]
[Date "2015.01.16"]
[Round "-"]
[White "BigDoggProblem"]
[Black "Ramesh Panwar"]
[Result "0-1"]
[WhiteCountry "USA"]
[BlackCountry "IND"]
[WhiteElo "1834"]
[WhiteRD "62"]
[BlackElo "2302"]
[BlackRD "50"]
[GameID "373262"]

1. e4 e5 2. Nf3 Nc6 3. Bb5 Nf6 4. O-O Nxe4 5. d4 Be7 6. d5 Nd6 7. Be2 e4 8. dxc6 exf3 9. cxb7 Bxb7 10. Bxf3 O-O
11. Nc3 Rb8 12. Be3 Bxf3 13. Qxf3 Rxb2 14. Rfc1 Bg5 15. Rab1 Bxe3 16. Qxe3 Qb8 17. Rxb2 Qxb2
0-1

[Event "January Blitz"]
[Site "SchemingMind.com"]
[Date "2015.01.16"]
[Round "-"]
[White "Ramesh Panwar"]
[Black "BigDoggProblem"]
[Result "1-0"]
[WhiteCountry "IND"]
[BlackCountry "USA"]
[WhiteElo "2302"]
[WhiteRD "50"]
[BlackElo "1834"]
[BlackRD "62"]
[GameID "373263"]

1. d4 Nf6 2. c4 g6 3. Nc3 d5 4. cxd5 Nxd5 5. e4 Nxc3 6. bxc3 c5 7. Bc4 Bg7 8. Ne2 Nc6 9. Be3 Bd7 10. O-O Na5
11. Bd3 Rc8 12. dxc5 O-O 13. Rb1 Qc7 14. Nd4 Bc6 15. Nxc6 Nxc6 16. Qb3 Rb8 17. g3 Ne5 18. Be2 Nd7 19. Qb4 Rfc8 20. Rfd1 Nxc5
21. Bxc5 Qxc5 22. Rd8+
1-0

[Event "January Blitz"]
[Site "SchemingMind.com"]
[Date "2015.01.26"]
[Round "-"]
[White "BigDoggProblem"]
[Black "michel"]
[Result "0-1"]
[WhiteCountry "USA"]
[BlackCountry "CAN"]
[WhiteElo "1810"]
[WhiteRD "63"]
[BlackElo "2332"]
[BlackRD "56"]
[GameID "373708"]

1. e4 d6 2. d4 Nf6 3. Nc3 g6 4. Be3 c6 5. Qd2 b5 6. f3 Nbd7 7. g4 Nb6 8. h4 h6 9. Nh3 Bg7 10. a4 Nc4
11. Bxc4 bxc4 12. g5 hxg5 13. Nxg5 Rb8 14. Nd1 Nh5 15. Kf2 d5 16. c3 Qc7 17. e5 f6 18. Nh3 fxe5
0-1

[Event "January Blitz"]
[Site "SchemingMind.com"]
[Date "2015.01.26"]
[Round "-"]
[White "michel"]
[Black "BigDoggProblem"]
[Result "1-0"]
[WhiteCountry "CAN"]
[BlackCountry "USA"]
[WhiteElo "2332"]
[WhiteRD "56"]
[BlackElo "1810"]
[BlackRD "63"]
[GameID "373709"]

1. e4 d6 2. d4 Nf6 3. Nc3 g6 4. Nf3 Bg7 5. Be2 Bg4 6. O-O O-O 7. Be3 Bxf3 8. Bxf3 e5 9. dxe5 dxe5 10. Nb5 Na6
11. c3 Qe7 12. b4 Rfd8 13. Qe2 c5 14. a3 b6 15. Rfd1 Nc7 16. Rxd8+ Qxd8 17. bxc5 bxc5 18. Rd1 Qe7 19. a4 a6 20. Na3 Rb8
21. Nc4 Nce8 22. Qc2 Bf8 23. Be2 Qc7 24. g3 Nd6 25. Nxd6 Bxd6 26. Bxa6 Qb6 27. Bc4 Bf8 28. Bg5 h6 29. a5 Qc6 30. Bxf6 Qxf6
31. Rd7 Qc6 32. Rxf7
1-0

[Event "January Blitz"]
[Site "SchemingMind.com"]
[Date "2015.01.26"]
[Round "-"]
[White "khayman"]
[Black "michel"]
[Result "1/2-1/2"]
[WhiteCountry "ENG"]
[BlackCountry "CAN"]
[WhiteElo "2436"]
[WhiteRD "84"]
[BlackElo "2332"]
[BlackRD "56"]
[GameID "373710"]

1. d4 Nf6 2. c4 c5 3. d5 b5 4. cxb5 a6 5. bxa6 g6 6. Nc3 Bxa6 7. e4 Bxf1 8. Kxf1 d6 9. g3 Bg7 10. Kg2 O-O
11. Nf3 Nbd7 12. a4 Ra6 13. Re1 Qa8 14. Bd2 Rb8 15. b3 Ne8 16. Rb1 Nc7 17. Qc2 Rab6 18. Ne2 Na6 19. Nc1 Nb4 20. Bxb4 Rxb4
21. Nd3 R4b7 22. Nd2 Nb6 23. Nb2 Qa6 24. Nbc4 Nxc4 25. Nxc4 Rb4 26. Qd3 Qa8 27. h4 Bd4 28. h5 Rd8 29. Qf3 Bf6 30. Ra1 Bxa1=
1/2-1/2

[Event "January Blitz"]
[Site "SchemingMind.com"]
[Date "2015.01.26"]
[Round "-"]
[White "michel"]
[Black "khayman"]
[Result "1/2-1/2"]
[WhiteCountry "CAN"]
[BlackCountry "ENG"]
[WhiteElo "2332"]
[WhiteRD "56"]
[BlackElo "2436"]
[BlackRD "84"]
[GameID "373711"]

1. c4 g6 2. g3 Bg7 3. Bg2 c5 4. Nc3 Nf6 5. Nf3 O-O 6. O-O Nc6 7. d4 cxd4 8. Nxd4 d6 9. Nxc6 bxc6 10. Bxc6 Rb8
11. Bg2 Qa5 12. Qc2 Bf5 13. e4 Be6 14. b3 Nxe4 15. Nxe4 Bxa1 16. Bg5 Bf5 17. Bxe7 Rfe8 18. Bxd6 Rbd8 19. c5 Be5 20. Bxe5 Rxe5
21. c6 Bxe4 22. Bxe4 Rc5 23. Qb1 Qb4 24. Bg2 Rd2 25. Qe4 Qxe4 26. Bxe4 a5 27. a3 Rb2 28. b4 axb4 29. axb4 Rxb4 30. Bf3 Rbc4
31. Kg2 Rc1 32. Rxc1 Rxc1 33. g4 Rc5 34. Kg3 f6 35. h3 Kf7 36. Kf4 Ke6 37. Ke3 g5 38. Kd4 Kd6 39. Be4 h6 40. Kd3 Kc7=
1/2-1/2

[Event "January Blitz"]
[Site "SchemingMind.com"]
[Date "2015.01.25"]
[Round "-"]
[White "michel"]
[Black "Stephen Woodhouse"]
[Result "1-0"]
[WhiteCountry "CAN"]
[BlackCountry "ENG"]
[WhiteElo "2332"]
[WhiteRD "56"]
[BlackElo "1883"]
[BlackRD "48"]
[GameID "373712"]

1. c4 e6 2. g3 d5 3. Bg2 Nf6 4. Nf3 c5 5. cxd5 exd5 6. d4 Be7 7. O-O O-O 8. Nc3 Nc6 9. dxc5 Bxc5 10. Bg5 d4
11. Bxf6 Qxf6 12. Nd5 Qd6 13. Nd2 Be6 14. Nf4 Rad8 15. Ne4 Qe7 16. Nxc5 Qxc5 17. Nxe6 fxe6 18. Qb3 Qe7 19. Rac1 Rd6 20. Qa4 Rc8
21. Rc5 Qd7 22. Rfc1 a6 23. Be4 g6 24. Kg2 Kf7 25. h4 h5 26. Rg5 Rg8 27. Rcc5 Nd8 28. Qc2 e5 29. Rc7
1-0

[Event "January Blitz"]
[Site "SchemingMind.com"]
[Date "2015.01.25"]
[Round "-"]
[White "Stephen Woodhouse"]
[Black "michel"]
[Result "0-1"]
[WhiteCountry "ENG"]
[BlackCountry "CAN"]
[WhiteElo "1883"]
[WhiteRD "48"]
[BlackElo "2332"]
[BlackRD "56"]
[GameID "373713"]

1. e4 d6 2. d4 Nf6 3. Nc3 g6 4. f4 Bg7 5. Nf3 O-O 6. Bd3 Nc6 7. e5 dxe5 8. fxe5 Nh5 9. Be3 Bg4 10. Be2 f6
11. exf6 exf6 12. O-O f5 13. h3 Bxf3 14. Bxf3 Nf6 15. Ne2 Qd7 16. c3 Rf7 17. Qd2 Re8 18. Rae1 Rfe7 19. Bg5 Ne4 20. Bxe4 Rxe4
21. Ng3 Rxe1 22. Rxe1 Rxe1+ 23. Qxe1 h6 24. Bf4 Ne7 25. Kf2 Nd5 26. Be5 Qe7 27. Bxg7 Qxe1+ 28. Kxe1 Kxg7 29. Ne2 g5 30. Kd2 f4
31. Kd3 Kf6 32. c4 Ne3 33. d5 Nxg2 34. Nd4 h5 35. Nb5 g4 36. hxg4 hxg4 37. Nxc7 g3 38. Ke2 Nh4 39. Ne6 f3+ 40. Kf1 Nf5
41. Nf4 Ne3+
0-1

[Event "January Blitz"]
[Site "SchemingMind.com"]
[Date "2015.01.25"]
[Round "-"]
[White "michel"]
[Black "David Perna-Fraser"]
[Result "1-0"]
[WhiteCountry "CAN"]
[BlackCountry "CAN"]
[WhiteElo "2332"]
[WhiteRD "56"]
[BlackElo "2265"]
[BlackRD "58"]
[GameID "373714"]

1. c4 e5 2. g3 Nf6 3. Bg2 Nc6 4. Nc3 Bb4 5. Nd5 O-O 6. Nf3 e4 7. Nh4 Bc5 8. O-O Re8 9. e3 Be7 10. Nf5 Bf8
11. f3 exf3 12. Qxf3 Nxd5 13. cxd5 Ne5 14. Qe2 g6 15. d4 gxf5 16. dxe5 Rxe5 17. Bd2 Bc5 18. d6 cxd6 19. Qh5 Qf6 20. Bc3 Qg6
21. Qh4 Bxe3+ 22. Kh1 h5 23. Rad1 Bg5 24. Qh3 f6 25. Rxd6 Re6 26. Rd5 d6 27. Qxf5 Qxf5 28. Rdxf5 Re7 29. Rd5 Bg4 30. Rxd6 Rf8
31. h3 Be2 32. Rf5 Kh7 33. h4 Bg4 34. Rb5 Bc1 35. Rxb7 Rxb7 36. Bxb7 Rb8 37. Be4+ f5 38. Bd5 Bxb2 39. Rd7+ Kg6 40. Bf7+ Kh6
41. Bd2+ Kg7 42. Bxh5+ Kf6 43. Bg5+ Ke6 44. Re7+ Kd5 45. Bf4 Rb4 46. Bf7+ Kc5 47. Rc7+ Kd4 48. Rd7+ Ke4 49. h5 Rd4 50. Rxd4+ Bxd4
51. h6 Kf3 52. Bd5+ Kf2 53. Kh2 a5 54. h7 Bh8 55. Be6 Kf3 56. Bc7 Ke4 57. Bxa5 Bh5 58. Bc7 Bg6 59. Bg8 Be8 60. Kh3 Bf6
61. Bf4 Kd4 62. g4 fxg4+ 63. Kxg4 Ke4 64. Bc1 Bd7+ 65. Kh5 Be8+ 66. Kh6 Be5 67. Bb3 Kd3 68. Ba3 Bh8 69. Bb4 Bb2 70. a4 Bc1+
71. Kg7 Bb2+ 72. Kg8 Bg6 73. a5
1-0

[Event "January Blitz"]
[Site "SchemingMind.com"]
[Date "2015.01.25"]
[Round "-"]
[White "David Perna-Fraser"]
[Black "michel"]
[Result "1/2-1/2"]
[WhiteCountry "CAN"]
[BlackCountry "CAN"]
[WhiteElo "2265"]
[WhiteRD "58"]
[BlackElo "2332"]
[BlackRD "56"]
[GameID "373715"]

1. d4 Nf6 2. c4 d6 3. Nc3 Bf5 4. g3 e5 5. Bg2 Nc6 6. Nf3 exd4 7. Nxd4 Bd7 8. O-O Be7 9. Nxc6 Bxc6 10. Bxc6+ bxc6
11. Qa4 Qd7 12. Rd1 O-O 13. f3 a5 14. e4 Rfb8 15. e5 Ne8 16. Nd5 Bf8 17. Ne3 g6 18. Rb1 Bg7 19. exd6 cxd6 20. b3 Nc7
21. Bb2 Re8 22. Ng4 h5 23. Nf2 h4 24. Bxg7 Kxg7 25. Qa3 d5 26. Qb2+ f6 27. Ng4 Qf5 28. Qd2 Rh8 29. Kf2 Rad8 30. Qxa5 Ne6
31. Qa7+ Kf8 32. Qa3+ Kf7 33. Qa7+=
1/2-1/2

[Event "January Blitz"]
[Site "SchemingMind.com"]
[Date "2015.01.26"]
[Round "-"]
[White "michel"]
[Black "Ramesh Panwar"]
[Result "1/2-1/2"]
[WhiteCountry "CAN"]
[BlackCountry "IND"]
[WhiteElo "2305"]
[WhiteRD "55"]
[BlackElo "2302"]
[BlackRD "50"]
[GameID "373716"]

1. e4 c5 2. Nf3 Nc6 3. Bb5 Qb6 4. Nc3 e6 5. O-O Nf6 6. Bxc6 Qxc6 7. Re1 b5 8. e5 Nd5 9. Ne4 Be7 10. d3 f5
11. exf6 Nxf6 12. Ne5 Qc7 13. Nxf6+ Bxf6 14. Qh5+ g6 15. Qf3 Bxe5 16. Qxa8 O-O 17. Bh6 Bxh2+ 18. Kf1 Rf5 19. Re3 Bf4 20. Bxf4 Rxf4
21. a4 b4 22. Rf3 Rh4 23. Rh3 Rf4 24. Rf3 Rh4 25. Rh3 Rf4 26. Rf3 Rh4 27. Rh3 Rf4=
1/2-1/2

[Event "January Blitz"]
[Site "SchemingMind.com"]
[Date "2015.01.26"]
[Round "-"]
[White "Ramesh Panwar"]
[Black "michel"]
[Result "0-1"]
[WhiteCountry "IND"]
[BlackCountry "CAN"]
[WhiteElo "2329"]
[WhiteRD "52"]
[BlackElo "2332"]
[BlackRD "56"]
[GameID "373717"]

1. b4 d5 2. Nf3 c6 3. a3 Bf5 4. e3 Nd7 5. c4 e6 6. Nc3 Ngf6 7. c5 Be7 8. Be2 h6 9. O-O O-O 10. Nd4 Bh7
11. Bb2 e5 12. Nb3 Qc7 13. d4 Rfe8 14. Rc1 Bd8 15. Nb1 e4 16. Nc3 a6 17. a4 Nf8 18. b5 Qd7 19. b6 Ng6 20. Nd2 Nh4
21. g3 Ng6 22. Kh1 Nf8 23. Rg1 Bf5 24. g4 Be6 25. h3 N6h7 26. f4 exf3 27. Nxf3 Ng5 28. Qf1 Ng6 29. Qg2 f5 30. Rcf1 Nxh3
31. Qxh3 fxg4 32. Qh5 gxf3 33. Rxf3 Nh4 34. Rfg3 Bg5 35. Rxg5 hxg5 36. Rxg5 Nf5 37. Bd3 Rf8 38. e4 dxe4 39. Kg1 Qxd4+
0-1

[Event "January Blitz"]
[Site "SchemingMind.com"]
[Date "2015.02.05"]
[Round "-"]
[White "CLewis73"]
[Black "BigDoggProblem"]
[Result "1-0"]
[WhiteCountry "ENG"]
[BlackCountry "USA"]
[WhiteElo "1800"]
[WhiteRD "73"]
[BlackElo "1810"]
[BlackRD "63"]
[GameID "373990"]

1. e4 c5 2. Nf3 Nc6 3. a3 e6 4. b4 cxb4 5. axb4 Bxb4 6. c3 Be7 7. d4 d6 8. Bb5 Bd7 9. O-O Nf6 10. Nbd2 O-O
11. Ba3 a6 12. Ba4 b5 13. Bb3 Qb6 14. d5 exd5 15. exd5 Na5 16. Ba2 Rfc8 17. Rc1 Bf5 18. Nd4 Bd3 19. Re1 Bf8 20. Qf3 Bc4
21. Bxc4 Nxc4 22. Nxc4 Rxc4 23. Nc6 Nxd5 24. Ne7+ Bxe7 25. Qxd5 Re8 26. Rxe7
1-0